[Event "20. Obert Int. Sant Marti 2018 - B"]
[Site "Barcelona ESP"]
[Date "2018.07.16"]
[Round "4.63"]
[White "Folch Brach, Jordi"]
[Black "Planella Zavala, Ivan"]
[Result "1-0"]
[WhiteElo "1644"]
[BlackElo "1310"]
[PlyCount "145"]
[EventDate "2018.07.13"]
[EventType "swiss"]
[EventRounds "9"]
[EventCountry "ESP"]
[SourceTitle "Ajedrez en Madrid"]
[Source "lmi"]
[SourceDate "2018.07.13"]
[SourceVersion "1"]
[SourceVersionDate "2019.06.21"]
[SourceQuality "1"]

1. d4 d5 2. c4 e6 3. Nc3 Bb4 4. Qc2 Nf6 5. Bg5 Nbd7 6. Nf3 b6 7. cxd5 exd5 8.
e3 Bb7 9. Qb3 Bxc3+ 10. bxc3 O-O 11. Bd3 c5 12. Qb1 h6 13. Bh4 c4 14. Bf5 Qc7
15. O-O Bc6 16. Bg3 Qd8 17. Ne5 Nxe5 18. Bxe5 b5 19. a3 a6 20. Qd1 Bd7 21. Qf3
Bxf5 22. Qxf5 Qd7 23. Qxd7 Nxd7 24. Bg3 Nf6 25. f3 Rfe8 26. Rfe1 a5 27. Bh4 Nd7
28. e4 dxe4 29. Rxe4 Rxe4 30. fxe4 g5 31. Bg3 b4 32. axb4 a4 33. Kf2 a3 34. Ra2
Kf8 35. Bd6+ Ke8 36. b5 Nf6 37. Kf3 Kd7 38. Bb4 Ne8 39. Rxa3 Rxa3 40. Bxa3 h5
41. e5 Nc7 42. Ke4 Nxb5 43. Bb4 Nc7 44. d5 g4 45. Kd4 Ne8 46. Kxc4 Ng7 47. Kd3
Nf5 48. c4 Nh4 49. c5 Nxg2 50. c6+ Kc8 51. d6 Nf4+ 52. Ke4 Ne6 53. Be1 Nc5+ 54.
Kf5 Nd3 55. Bh4 Nc5 56. Kf6 Nd3 57. e6 fxe6 58. Kxe6 Nc5+ 59. Ke7 g3 60. hxg3
Kb8 61. d7 Ka7 62. d8=Q Ka6 63. c7 Nb7 64. Qa8+ Kb5 65. Qxb7+ Kc5 66. c8=R+ Kd4
67. Qb4+ Ke3 68. Qf4+ Kd3 69. Rc4 Ke2 70. Qe4+ Kf2 71. g4+ Kg1 72. Rc2 Kf1 73.
Qh1# 1-0

[Event "20. Obert Int. Sant Marti 2018 - B"]
[Site "Barcelona ESP"]
[Date "2018.07.16"]
[Round "4.64"]
[White "Sanchez Rodriguez, Raul"]
[Black "Gonzalez Canovas, Sebastia"]
[Result "0-1"]
[WhiteElo "1402"]
[BlackElo "1639"]
[PlyCount "106"]
[EventDate "2018.07.13"]
[EventType "swiss"]
[EventRounds "9"]
[EventCountry "ESP"]
[SourceTitle "Ajedrez en Madrid"]
[Source "lmi"]
[SourceDate "2018.07.13"]
[SourceVersion "1"]
[SourceVersionDate "2019.06.21"]
[SourceQuality "1"]

1. e4 c6 2. Nc3 g6 3. Nf3 Bg7 4. d4 d6 5. Bc4 e6 6. d5 cxd5 7. exd5 e5 8. O-O
Ne7 9. Bg5 h6 10. Be3 a6 11. Qd2 Nf5 12. Rfe1 O-O 13. Bd3 Nxe3 14. Qxe3 Nd7 15.
Na4 b5 16. Nc3 Nc5 17. a4 Nxd3 18. Qxd3 b4 19. Ne4 a5 20. c3 f5 21. cxb4 fxe4
22. Qxe4 Bf5 23. Qc4 axb4 24. Qxb4 Rb8 25. Qd2 Qb6 26. Nh4 Qxb2 27. Qxb2 Rxb2
28. Nxf5 gxf5 29. a5 Ra8 30. a6 Rb6 31. a7 Rb7 32. Ra6 Bf8 33. Rea1 e4 34. Kf1
Bg7 35. R1a3 Be5 36. h3 Kf7 37. Ke2 Ke7 38. f3 exf3+ 39. Kxf3 Bd4 40. Kf4 Rbxa7
41. Rxa7+ Rxa7 42. Rxa7+ Bxa7 43. Kxf5 Kf7 44. g4 Bf2 45. g5 Kg7 46. Ke6 Bg3
47. h4 hxg5 48. hxg5 Kg6 49. Kd7 Kxg5 50. Ke6 Kg6 51. Ke7 Kf5 52. Kd7 Ke4 53.
Ke6 Kd4 0-1

[Event "20. Obert Int. Sant Marti 2018 - B"]
[Site "Barcelona ESP"]
[Date "2018.07.16"]
[Round "4.65"]
[White "Dominguez Diaz, Francisco"]
[Black "Caballero Ortin, Jorge"]
[Result "0-1"]
[WhiteElo "1319"]
[BlackElo "1628"]
[PlyCount "58"]
[EventDate "2018.07.13"]
[EventType "swiss"]
[EventRounds "9"]
[EventCountry "ESP"]
[SourceTitle "Ajedrez en Madrid"]
[Source "lmi"]
[SourceDate "2018.07.13"]
[SourceVersion "1"]
[SourceVersionDate "2019.06.21"]
[SourceQuality "1"]

1. e4 c5 2. Nf3 d6 3. Bc4 e6 4. Nc3 Nc6 5. h3 a6 6. a3 Nf6 7. d3 b5 8. Ba2 h6
9. O-O Bb7 10. Re1 Qc7 11. Ne2 Be7 12. Ng3 Nd4 13. Nxd4 cxd4 14. Bd2 Rc8 15. c3
dxc3 16. Bxc3 O-O 17. Rc1 Qb6 18. Qd2 Bd8 19. Bb1 Nd7 20. d4 a5 21. Qd3 b4 22.
e5 g6 23. axb4 axb4 24. Bd2 Rxc1 25. Bxc1 Kh7 26. Nh5 dxe5 27. dxe5 Nxe5 28.
Rxe5 Qc6 29. Kh2 Qxg2# 0-1

[Event "20. Obert Int. Sant Marti 2018 - B"]
[Site "Barcelona ESP"]
[Date "2018.07.16"]
[Round "4.66"]
[White "Minko, Uliana"]
[Black "Ruiz Puerta, Jon Ander"]
[Result "0-1"]
[WhiteElo "1284"]
[BlackElo "1616"]
[PlyCount "72"]
[EventDate "2018.07.13"]
[EventType "swiss"]
[EventRounds "9"]
[EventCountry "ESP"]
[SourceTitle "Ajedrez en Madrid"]
[Source "lmi"]
[SourceDate "2018.07.13"]
[SourceVersion "1"]
[SourceVersionDate "2019.06.21"]
[SourceQuality "1"]

1. c4 e5 2. Nc3 Bc5 3. e3 c6 4. Nge2 Nf6 5. a3 a5 6. d4 exd4 7. exd4 Be7 8. g3
O-O 9. Bg2 d5 10. c5 Bf5 11. Bd2 Nbd7 12. O-O b6 13. b4 Re8 14. Nf4 Nf8 15. Re1
Ne6 16. h3 Nxd4 17. g4 Bc8 18. Be3 Ne6 19. Nxe6 fxe6 20. Bd4 bxc5 21. bxc5 h6
22. Rb1 Ba6 23. Rb6 Qd7 24. Qb1 Bd8 25. Rb2 Bc7 26. Na4 e5 27. Nb6 Bxb6 28.
Bxe5 Bxc5 29. Bxf6 Rxe1+ 30. Qxe1 gxf6 31. Qb1 Kg7 32. a4 Re8 33. Qc1 Ba3 34.
Qc2 Bxb2 35. Qxb2 Re1+ 36. Kh2 Qd6+ 0-1

[Event "20. Obert Int. Sant Marti 2018 - B"]
[Site "Barcelona ESP"]
[Date "2018.07.16"]
[Round "4.67"]
[White "Bellpuig Mencos, Gerard"]
[Black "Apinyan, Mark"]
[Result "1-0"]
[WhiteElo "1606"]
[BlackElo "1269"]
[PlyCount "61"]
[EventDate "2018.07.13"]
[EventType "swiss"]
[EventRounds "9"]
[EventCountry "ESP"]
[SourceTitle "Ajedrez en Madrid"]
[Source "lmi"]
[SourceDate "2018.07.13"]
[SourceVersion "1"]
[SourceVersionDate "2019.06.21"]
[SourceQuality "1"]

1. e4 c5 2. Nf3 d6 3. d4 cxd4 4. Nxd4 Nf6 5. Nc3 a6 6. Bc4 e6 7. O-O Be7 8. Be3
O-O 9. f4 Bd7 10. f5 e5 11. Nb3 b5 12. Bd5 Bc6 13. Qd3 Bxd5 14. Nxd5 Nbd7 15.
Nxe7+ Qxe7 16. Rad1 Rfd8 17. Na5 Rac8 18. Nb7 Rf8 19. Nxd6 Rc6 20. c3 Ng4 21.
Rf3 Nxe3 22. Rxe3 Nc5 23. Qd5 Qd7 24. b4 Na4 25. Qxe5 Rd8 26. Rg3 f6 27. Qxf6
Nxc3 28. Rxg7+ Qxg7 29. Qxd8+ Qf8 30. Qg5+ Kh8 31. Nf7+ 1-0

[Event "20. Obert Int. Sant Marti 2018 - B"]
[Site "Barcelona ESP"]
[Date "2018.07.16"]
[Round "4.68"]
[White "Juncosa Padros, Ernest"]
[Black "Torres Ribe, Ricard"]
[Result "1/2-1/2"]
[WhiteElo "1212"]
[BlackElo "1593"]
[PlyCount "50"]
[EventDate "2018.07.13"]
[EventType "swiss"]
[EventRounds "9"]
[EventCountry "ESP"]
[SourceTitle "Ajedrez en Madrid"]
[Source "lmi"]
[SourceDate "2018.07.13"]
[SourceVersion "1"]
[SourceVersionDate "2019.06.21"]
[SourceQuality "1"]

1. d4 Nf6 2. c4 g6 3. Nc3 Bg7 4. e4 d6 5. Nf3 O-O 6. h3 Nbd7 7. Be3 e5 8. d5
Nc5 9. Qc2 a5 10. a3 Bd7 11. b3 Nh5 12. Be2 Nf4 13. O-O f5 14. Bxc5 dxc5 15.
Bd3 Nxd3 16. Qxd3 Qe7 17. Rad1 fxe4 18. Qxe4 Bf5 19. Qe3 Rae8 20. Ne4 b6 21. d6
cxd6 22. Nxd6 Rd8 23. Nxf5 gxf5 24. Rxd8 Rxd8 25. Qg5 Qxg5 1/2-1/2

[Event "20. Obert Int. Sant Marti 2018 - B"]
[Site "Barcelona ESP"]
[Date "2018.07.16"]
[Round "4.69"]
[White "Pascual Gonzalez-Novelles, David"]
[Black "Pandey, Vedanshi"]
[Result "1/2-1/2"]
[WhiteElo "1587"]
[BlackElo "1075"]
[PlyCount "49"]
[EventDate "2018.07.13"]
[EventType "swiss"]
[EventRounds "9"]
[EventCountry "ESP"]
[SourceTitle "Ajedrez en Madrid"]
[Source "lmi"]
[SourceDate "2018.07.13"]
[SourceVersion "1"]
[SourceVersionDate "2019.06.21"]
[SourceQuality "1"]

1. e4 c6 2. d4 d5 3. Nc3 dxe4 4. Nxe4 Bf5 5. Nc3 e6 6. Nf3 Nf6 7. Be2 Bd6 8.
Bg5 h6 9. Bxf6 Qxf6 10. h3 O-O 11. Bd3 Nd7 12. Bxf5 Qxf5 13. O-O Rad8 14. Ne2
Be7 15. Ng3 Qg6 16. c3 Bf6 17. Qe2 Nb6 18. Ne4 Nd5 19. Nxf6+ Qxf6 20. Ne5 Qg5
21. Nd3 Nf4 22. Nxf4 Qxf4 23. g3 Qf5 24. Kh2 Rd5 25. f4 1/2-1/2

[Event "20. Obert Int. Sant Marti 2018 - B"]
[Site "Barcelona ESP"]
[Date "2018.07.16"]
[Round "4.75"]
[White "Lahoz Bonaventura, Jordi"]
[Black "Bernat Mor, Juli"]
[Result "0-1"]
[WhiteElo "1597"]
[BlackElo "1370"]
[PlyCount "106"]
[EventDate "2018.07.13"]
[EventType "swiss"]
[EventRounds "9"]
[EventCountry "ESP"]
[SourceTitle "Ajedrez en Madrid"]
[Source "lmi"]
[SourceDate "2018.07.13"]
[SourceVersion "1"]
[SourceVersionDate "2019.06.21"]
[SourceQuality "1"]

1. e4 c6 2. Nf3 d5 3. exd5 Qxd5 4. Nc3 Qd8 5. h3 Bf5 6. d4 e6 7. Bc4 Nf6 8. O-O
h6 9. Re1 Be7 10. Bf4 O-O 11. Bd3 Bxd3 12. Qxd3 Nh5 13. Be3 Nd7 14. Ne4 Re8 15.
a3 Nf8 16. b4 b5 17. Ne5 Qc7 18. c4 a6 19. cxb5 axb5 20. Rec1 Ra6 21. Nc5 Bxc5
22. Rxc5 Rea8 23. Nxc6 Rxc6 24. Rxh5 Rc3 25. Qxb5 Raxa3 26. Rxa3 Rxa3 27. g3
Ra1+ 28. Kg2 Qc2 29. Rc5 Qd1 30. Rc1 Rxc1 31. Bxc1 Qxc1 32. Qb6 Qc4 33. b5 Qd5+
34. Kh2 Nd7 35. Qd8+ Kh7 36. b6 Qc6 37. Qc7 Qxc7 38. bxc7 Nb6 39. Kg2 Kg8 40.
Kf3 Kf8 41. Ke4 Ke7 42. f4 Kd7 43. f5 Kxc7 44. fxe6 fxe6 45. Ke5 Kd7 46. h4
Nc4+ 47. Kf4 Kd6 48. Ke4 g6 49. g4 g5 50. hxg5 hxg5 51. Kd3 Kd5 52. Kc3 Nd6 53.
Kd3 Nf7 0-1

[Event "20. Obert Int. Sant Marti 2018 - B"]
[Site "Barcelona ESP"]
[Date "2018.07.16"]
[Round "4.76"]
[White "Campins Barberia, Jon"]
[Black "Casas Vinas, Arthur"]
[Result "1-0"]
[WhiteElo "1547"]
[BlackElo "1249"]
[PlyCount "55"]
[EventDate "2018.07.13"]
[EventType "swiss"]
[EventRounds "9"]
[EventCountry "ESP"]
[SourceTitle "Ajedrez en Madrid"]
[Source "lmi"]
[SourceDate "2018.07.13"]
[SourceVersion "1"]
[SourceVersionDate "2019.06.21"]
[SourceQuality "1"]

1. e4 c5 2. c3 Nf6 3. e5 Nd5 4. d4 e6 5. Nf3 Be7 6. Bc4 Nb6 7. Bb3 d5 8. O-O
O-O 9. Bf4 Nc6 10. Nbd2 c4 11. Bc2 f6 12. Re1 fxe5 13. Bxe5 Nxe5 14. Nxe5 Bd6
15. Qh5 g6 16. Bxg6 Qe7 17. Bc2 Nd7 18. Ndf3 Nf6 19. Qh4 Bd7 20. Re3 Be8 21.
Rae1 Kh8 22. Ng5 Rg8 23. Rf3 Nh5 24. Ngf7+ Bxf7 25. Nxf7+ Kg7 26. Qxh5 Kf8 27.
Nxd6+ Kg7 28. Qxh7# 1-0

[Event "20. Obert Int. Sant Marti 2018 - B"]
[Site "Barcelona ESP"]
[Date "2018.07.16"]
[Round "4.77"]
[White "Sanchez Viana, Jordi"]
[Black "Gupta, Ritvik"]
[Result "1/2-1/2"]
[WhiteElo "1536"]
[BlackElo "1021"]
[PlyCount "46"]
[EventDate "2018.07.13"]
[EventType "swiss"]
[EventRounds "9"]
[EventCountry "ESP"]
[SourceTitle "Ajedrez en Madrid"]
[Source "lmi"]
[SourceDate "2018.07.13"]
[SourceVersion "1"]
[SourceVersionDate "2019.06.21"]
[SourceQuality "1"]

1. e4 e5 2. Nf3 Nc6 3. d4 exd4 4. Bc4 Bc5 5. c3 Nf6 6. e5 d5 7. exf6 dxc4 8.
fxg7 Rg8 9. Qe2+ Qe7 10. Qxe7+ Kxe7 11. Bg5+ f6 12. Bh6 Bg4 13. Nbd2 Bxf3 14.
Nxf3 dxc3 15. bxc3 Kf7 16. O-O Kg6 17. Bf4 Bd6 18. Nh4+ Kh5 19. Bxd6 cxd6 20.
Nf5 d5 21. Rad1 Rad8 22. Rfe1 Kg6 23. Ne7+ Nxe7 1/2-1/2

[Event "20. Obert Int. Sant Marti 2018 - B"]
[Site "Barcelona ESP"]
[Date "2018.07.16"]
[Round "4.78"]
[White "Rodoreda Pares, Marc"]
[Black "Yuste Fornell, Ramon"]
[Result "1/2-1/2"]
[WhiteElo "1487"]
[BlackElo "1948"]
[PlyCount "32"]
[EventDate "2018.07.13"]
[EventType "swiss"]
[EventRounds "9"]
[EventCountry "ESP"]
[SourceTitle "Ajedrez en Madrid"]
[Source "lmi"]
[SourceDate "2018.07.13"]
[SourceVersion "1"]
[SourceVersionDate "2019.06.21"]
[SourceQuality "1"]

1. e4 c5 2. Nf3 e6 3. c3 Nc6 4. d4 d5 5. exd5 exd5 6. Bb5 Bg4 7. O-O Bd6 8.
Re1+ Nge7 9. Bxc6+ bxc6 10. Bg5 O-O 11. Nbd2 cxd4 12. cxd4 Qc7 13. Bxe7 Bxe7
14. Qa4 Bd6 15. Ne5 Bxe5 16. Rxe5 Bd7 1/2-1/2

[Event "20. Obert Int. Sant Marti 2018 - B"]
[Site "Barcelona ESP"]
[Date "2018.07.16"]
[Round "4.79"]
[White "Pinyol I Llora, Julia"]
[Black "Climent Vidal, Pere"]
[Result "0-1"]
[WhiteElo "1374"]
[BlackElo "1441"]
[PlyCount "142"]
[EventDate "2018.07.13"]
[EventType "swiss"]
[EventRounds "9"]
[EventCountry "ESP"]
[SourceTitle "Ajedrez en Madrid"]
[Source "lmi"]
[SourceDate "2018.07.13"]
[SourceVersion "1"]
[SourceVersionDate "2019.06.21"]
[SourceQuality "1"]

1. d4 d5 2. Nf3 Nf6 3. g3 e6 4. Bg2 c5 5. O-O Be7 6. c4 O-O 7. b3 Ne4 8. Nbd2
Nc3 9. Qe1 dxc4 10. dxc5 Bf6 11. Bb2 Nxe2+ 12. Qxe2 Bxb2 13. Rab1 Ba3 14. Qxc4
a5 15. Rfd1 Qc7 16. Ne4 Nd7 17. Rd2 Nxc5 18. Nxc5 Qxc5 19. Qxc5 Bxc5 20. Rc1 b6
21. Nd4 Ra7 22. Nc6 Rc7 23. Rdc2 Bb7 24. Nxa5 Bxg2 25. Kxg2 Rfc8 26. Nc4 b5 27.
Ne3 Bd6 28. Rxc7 Rxc7 29. Rd1 Be7 30. Rd2 f6 31. Nc2 Kf7 32. Nd4 Rd7 33. a4 Bb4
34. Ra2 Rxd4 35. a5 Rd7 36. a6 Bc5 37. Ra5 Ra7 38. Rxb5 Bxf2 39. Kxf2 Rxa6 40.
b4 Ra7 41. Rb8 Ke7 42. b5 Kd7 43. b6 Ra2+ 44. Kg1 Kc6 45. b7 Rd2 46. Re8 Kxb7
47. Re7+ Kc6 48. Rxe6+ Rd6 49. Re7 Rd7 50. Re8 Kd6 51. Rh8 h6 52. Ra8 Ke6 53.
Kg2 Kf5 54. Ra5+ Kg6 55. Ra3 Rd2+ 56. Kh3 f5 57. Ra6+ Kg5 58. Ra7 g6 59. Rg7 h5
60. Rg8 Rd3 61. Kg2 Rd6 62. h3 Rd2+ 63. Kf3 Rd4 64. h4+ Kf6 65. Ra8 Re4 66. Rb8
Re1 67. Kf4 Rf1+ 68. Ke3 Ra1 69. Rb6+ Kg7 70. Kf4 Ra4+ 71. Kg5 Rg4# 0-1

[Event "20. Obert Int. Sant Marti 2018 - B"]
[Site "Barcelona ESP"]
[Date "2018.07.16"]
[Round "4.82"]
[White "Munoz Prior, Marcelo"]
[Black "Bermejo Cuadra, Roberto"]
[Result "1/2-1/2"]
[WhiteElo "1631"]
[BlackElo "1315"]
[PlyCount "143"]
[EventDate "2018.07.13"]
[EventType "swiss"]
[EventRounds "9"]
[EventCountry "ESP"]
[SourceTitle "Ajedrez en Madrid"]
[Source "lmi"]
[SourceDate "2018.07.13"]
[SourceVersion "1"]
[SourceVersionDate "2019.06.21"]
[SourceQuality "1"]

1. f4 Nc6 2. Nf3 d5 3. e3 Nf6 4. b3 Bf5 5. Bb5 a6 6. Bxc6+ bxc6 7. Bb2 Nd7 8.
d3 f6 9. Nd4 e6 10. Nxc6 Qc8 11. Nd4 c5 12. Nxf5 exf5 13. Qf3 Nb6 14. O-O c4
15. Rf2 cxd3 16. cxd3 Bd6 17. Nc3 Qb7 18. Qh5+ g6 19. Qh6 Bf8 20. Qh4 Be7 21.
Ne2 Nd7 22. Nd4 Nc5 23. Rd1 Qd7 24. Re2 Kf7 25. Qe1 a5 26. Rc2 Rhc8 27. Qd2 Nb7
28. Rdc1 Rxc2 29. Qxc2 Bc5 30. a3 Qe7 31. Qd2 Re8 32. Kf2 Bxa3 33. Nb5 Bb4 34.
Bc3 Nc5 35. Bxb4 axb4 36. Nd4 Na6 37. Rc6 Qb7 38. Qc2 Re7 39. Kf3 Rc7 40. Ne6
Rd7 41. Nd4 h5 42. Qa2 Nb8 43. Rc5 Na6 44. Rb5 Qc8 45. Qa5 Rd6 46. Rxd5 Rxd5
47. Qxd5+ Ke7 48. Nc6+ Ke8 49. Qg8+ Kd7 50. Qxc8+ Kxc8 51. Ne7+ Kd7 52. Nd5 Ke6
53. e4 Nc5 54. Nxb4 fxe4+ 55. dxe4 Nxb3 56. Nd5 Nd4+ 57. Ke3 Nc2+ 58. Kd3 Ne1+
59. Ke3 Nxg2+ 60. Kf3 Ne1+ 61. Ke2 Nc2 62. Nc7+ Kd6 63. Ne8+ Ke6 64. Kf3 Nd4+
65. Ke3 Nc6 66. h3 f5 67. e5 Ne7 68. Nc7+ Kd7 69. Nb5 Nd5+ 70. Kf3 Kc6 71. Nd4+
Kc5 72. Ne6+ 1/2-1/2

[Event "20. Obert Int. Sant Marti 2018 - B"]
[Site "Barcelona ESP"]
[Date "2018.07.16"]
[Round "4.83"]
[White "Marcos Rodriguez, Raul"]
[Black "Munt Serrano, Jesus"]
[Result "0-1"]
[WhiteElo "1360"]
[BlackElo "1511"]
[PlyCount "88"]
[EventDate "2018.07.13"]
[EventType "swiss"]
[EventRounds "9"]
[EventCountry "ESP"]
[SourceTitle "Ajedrez en Madrid"]
[Source "lmi"]
[SourceDate "2018.07.13"]
[SourceVersion "1"]
[SourceVersionDate "2019.06.21"]
[SourceQuality "1"]

1. Nf3 c5 2. g3 e6 3. Bg2 Nf6 4. b3 d5 5. Bb2 Bd6 6. d3 Qc7 7. Nbd2 Nbd7 8. O-O
b6 9. c4 Bb7 10. Qc2 d4 11. e3 e5 12. Rfe1 O-O 13. Rab1 Rfe8 14. Ba3 Re7 15. b4
Rae8 16. Qb2 Ba8 17. b5 e4 18. dxe4 Nxe4 19. exd4 cxd4 20. Qxd4 Bxa3 21. Nh4
Bc5 22. Qd3 Bxf2+ 23. Kf1 Nxd2+ 24. Kxf2 Qc5+ 25. Re3 Nxb1 26. Bxa8 Rxe3 27.
Qf1 Re1+ 28. Kg2 Rxf1 29. Kxf1 Rxa8 30. Ng2 Qxc4+ 31. Kf2 Re8 32. Nf4 Ne5 33.
Kg2 Qxa2+ 34. Kh3 g5 35. Nh5 g4+ 36. Kh4 Qxh2+ 37. Kg5 h6+ 38. Kxh6 Re6+ 39.
Kg5 Rg6+ 40. Kf4 Qxh5 41. Ke4 Nf3 42. Kd3 Qxb5+ 43. Ke4 Qe2+ 44. Kd5 Qe6# 0-1

[Event "20. Obert Int. Sant Marti 2018 - B"]
[Site "Barcelona ESP"]
[Date "2018.07.16"]
[Round "4.84"]
[White "Villalonga Royo, Lluis"]
[Black "Samper Gonzalez, Pedro"]
[Result "1/2-1/2"]
[WhiteElo "1341"]
[BlackElo "1470"]
[PlyCount "88"]
[EventDate "2018.07.13"]
[EventType "swiss"]
[EventRounds "9"]
[EventCountry "ESP"]
[SourceTitle "Ajedrez en Madrid"]
[Source "lmi"]
[SourceDate "2018.07.13"]
[SourceVersion "1"]
[SourceVersionDate "2019.06.21"]
[SourceQuality "1"]

1. d4 Nf6 2. Nf3 g6 3. e3 Bg7 4. Bc4 O-O 5. c3 d6 6. O-O c5 7. a3 Nbd7 8. Nbd2
a6 9. Qc2 b5 10. Bd3 c4 11. Be2 Bb7 12. b3 d5 13. Re1 Qc7 14. g3 Rfe8 15. Bf1
e5 16. bxc4 dxc4 17. Bh3 Qc6 18. e4 Rad8 19. Nf1 Nxe4 20. dxe5 Nxe5 21. Nxe5
Rxe5 22. Bg2 f5 23. f3 Nc5 24. f4 Qxg2+ 25. Qxg2 Bxg2 26. fxe5 Be4 27. Bf4 Nd3
28. Rad1 Kf8 29. g4 Ke7 30. Bg5+ Ke8 31. Bxd8 Nxe1 32. Bf6 Nf3+ 33. Kf2 Bf8 34.
Rd8+ Kf7 35. Rd7+ Kg8 36. e6 Bc5+ 37. Ne3 Kf8 38. e7+ Kf7 39. Rc7 Bxa3 40. g5
Bd6 41. Ra7 Ne5 42. h3 Nd3+ 43. Ke2 Nf4+ 44. Kd2 Nxh3 1/2-1/2

[Event "20. Obert Int. Sant Marti 2018 - B"]
[Site "Barcelona ESP"]
[Date "2018.07.16"]
[Round "4.85"]
[White "Guerrero Baez, Indira"]
[Black "Guinjoan Fradera, Joan"]
[Result "1-0"]
[WhiteElo "1300"]
[BlackElo "1470"]
[PlyCount "77"]
[EventDate "2018.07.13"]
[EventType "swiss"]
[EventRounds "9"]
[EventCountry "ESP"]
[SourceTitle "Ajedrez en Madrid"]
[Source "lmi"]
[SourceDate "2018.07.13"]
[SourceVersion "1"]
[SourceVersionDate "2019.06.21"]
[SourceQuality "1"]

1. d4 d5 2. Nf3 e6 3. e3 Nf6 4. b3 Bb4+ 5. Nbd2 Bc3 6. Rb1 Ne4 7. Bd3 Nxd2 8.
Nxd2 O-O 9. O-O Nd7 10. Nf3 f5 11. Bb2 Bxb2 12. Rxb2 g5 13. Ne5 Nxe5 14. dxe5
g4 15. f3 Qg5 16. Qe2 Rf7 17. fxg4 Qxg4 18. Qxg4+ fxg4 19. Rxf7 Kxf7 20. Bxh7
Bd7 21. Rb1 Kg7 22. Bd3 Rf8 23. Be2 Rf5 24. Bxg4 Rxe5 25. Kf2 Kf6 26. h4 Be8
27. Bf3 c6 28. g4 Bg6 29. Rc1 Be4 30. c4 Bxf3 31. Kxf3 Re4 32. Rh1 Kg6 33. h5+
Kh6 34. g5+ Kh7 35. h6 Re5 36. g6+ Kxg6 37. h7 Rf5+ 38. Ke2 Rh5 39. Rxh5 1-0

[Event "20. Obert Int. Sant Marti 2018 - B"]
[Site "Barcelona ESP"]
[Date "2018.07.16"]
[Round "4.86"]
[White "Ruiz Serra, Guillem"]
[Black "Cassi Gimeno, Jordi"]
[Result "0-1"]
[WhiteElo "1199"]
[BlackElo "1464"]
[PlyCount "42"]
[EventDate "2018.07.13"]
[EventType "swiss"]
[EventRounds "9"]
[EventCountry "ESP"]
[SourceTitle "Ajedrez en Madrid"]
[Source "lmi"]
[SourceDate "2018.07.13"]
[SourceVersion "1"]
[SourceVersionDate "2019.06.21"]
[SourceQuality "1"]

1. e4 c5 2. Nc3 a6 3. f4 e6 4. Nf3 d5 5. d4 Qa5 6. e5 Nc6 7. Be2 cxd4 8. Nxd4
Nxd4 9. Qxd4 Bc5 10. Qa4+ Qxa4 11. Nxa4 Ba7 12. Nc3 Ne7 13. g4 b5 14. Bf3 Bb7
15. Bd2 Rb8 16. O-O-O d4 17. Ne4 O-O 18. Rhf1 Nd5 19. Be2 Ne3 20. Bxe3 dxe3 21.
Bd3 Bxe4 0-1

[Event "20. Obert Int. Sant Marti 2018 - B"]
[Site "Barcelona ESP"]
[Date "2018.07.16"]
[Round "4.87"]
[White "Marzo Ruiz, Xavier"]
[Black "Membrives Cano, Diego"]
[Result "0-1"]
[WhiteElo "1417"]
[BlackElo "1262"]
[PlyCount "78"]
[EventDate "2018.07.13"]
[EventType "swiss"]
[EventRounds "9"]
[EventCountry "ESP"]
[SourceTitle "Ajedrez en Madrid"]
[Source "lmi"]
[SourceDate "2018.07.13"]
[SourceVersion "1"]
[SourceVersionDate "2019.06.21"]
[SourceQuality "1"]

1. e4 d6 2. d4 Nf6 3. Nc3 Nbd7 4. Nf3 e5 5. Bc4 Be7 6. O-O c6 7. a4 O-O 8. b3
Nxe4 9. Nxe4 d5 10. Bd3 dxe4 11. Bxe4 exd4 12. Nxd4 Bf6 13. Rb1 Bxd4 14. Qxd4
Nf6 15. Qxd8 Rxd8 16. Bd3 h6 17. Ba3 Re8 18. Rfe1 Rxe1+ 19. Rxe1 Be6 20. f3 Re8
21. Kf2 Bd7 22. Re7 Rxe7 23. Bxe7 Nd5 24. Bd6 a5 25. c4 Nb4 26. Bb1 b5 27. Bc7
bxc4 28. bxc4 c5 29. Bxa5 Bxa4 30. Bxb4 cxb4 31. Ke2 Kf8 32. Kd3 Ke7 33. Ke4
Kd6 34. Kd4 b3 35. Bd3 Kc6 36. Be4+ Kb6 37. Kd5 Bc6+ 38. Kd4 Bxe4 39. Kc3 Bc2
0-1

[Event "20. Obert Int. Sant Marti 2018 - B"]
[Site "Barcelona ESP"]
[Date "2018.07.16"]
[Round "4.89"]
[White "Padin Jimenez, Oriol"]
[Black "Minko, Aleksandr"]
[Result "0-1"]
[WhiteElo "1396"]
[BlackElo "1112"]
[PlyCount "146"]
[EventDate "2018.07.13"]
[EventType "swiss"]
[EventRounds "9"]
[EventCountry "ESP"]
[SourceTitle "Ajedrez en Madrid"]
[Source "lmi"]
[SourceDate "2018.07.13"]
[SourceVersion "1"]
[SourceVersionDate "2019.06.21"]
[SourceQuality "1"]

1. e4 e5 2. Nf3 Nc6 3. Bb5 Nf6 4. d3 Ne7 5. Nxe5 c6 6. Bc4 Qa5+ 7. c3 Qxe5 8.
Nd2 d5 9. Nf3 Qc7 10. exd5 cxd5 11. Bb3 Nc6 12. O-O Bd6 13. Re1+ Be6 14. h3 O-O
15. Be3 b5 16. Rc1 Qd7 17. Qe2 Bxh3 18. gxh3 Qxh3 19. Qf1 Qxf3 20. Qg2 Qxg2+
21. Kxg2 Ne5 22. Bc2 b4 23. Rh1 bxc3 24. bxc3 Rac8 25. d4 Ng6 26. Bd2 Bf4 27.
Bxf4 Nxf4+ 28. Kf3 Ng6 29. Bf5 Rc7 30. Ke2 Re8+ 31. Kd2 Nf4 32. Rhe1 Rxe1 33.
Rxe1 g6 34. Bc2 Nh3 35. Re2 Ng4 36. f3 Nf6 37. Bb3 Ng1 38. Re3 h5 39. f4 h4 40.
Ke1 h3 41. Kf1 h2 42. Kg2 Ng4 43. Rg3 f5 44. Bxd5+ Kf8 45. Kf1 Rh7 46. a4 h1=Q
47. Bxh1 Rxh1 48. Rxg1 Rxg1+ 49. Kxg1 Ke7 50. Kf1 Kd6 51. Ke2 Kd5 52. Kd3 Nf2+
53. Ke3 Nd1+ 54. Kd2 Nb2 55. Kc2 Nxa4 56. Kb3 Nb6 57. Kc2 a5 58. Kd3 a4 59. Kc2
Kc4 60. Kb2 Nd5 61. Kc2 a3 62. Kb1 Nxc3+ 63. Ka1 a2 64. Kb2 Kxd4 65. Ka1 Ke4
66. Kb2 Kxf4 67. Ka1 Ke3 68. Kb2 f4 69. Ka1 f3 70. Kb2 f2 71. Kc2 f1=Q 72. Kb3
a1=Q 73. Kb4 Qb5# 0-1

[Event "20. Obert Int. Sant Marti 2018 - B"]
[Site "Barcelona ESP"]
[Date "2018.07.17"]
[Round "5.1"]
[White "Poyato Ruiz, Fernando"]
[Black "Cano Sevilla, Ivan"]
[Result "0-1"]
[WhiteElo "1894"]
[BlackElo "1948"]
[PlyCount "90"]
[EventDate "2018.07.13"]
[EventType "swiss"]
[EventRounds "9"]
[EventCountry "ESP"]
[SourceTitle "Ajedrez en Madrid"]
[Source "lmi"]
[SourceDate "2018.07.13"]
[SourceVersion "1"]
[SourceVersionDate "2019.06.21"]
[SourceQuality "1"]

1. d4 d5 2. c4 e6 3. Nc3 f5 4. Nf3 Nf6 5. Bg5 Be7 6. e3 O-O 7. Bd3 c6 8. O-O
Ne4 9. Bxe7 Qxe7 10. Ne5 Nd7 11. f4 Rf6 12. Qe2 Rh6 13. Bxe4 dxe4 14. Nxd7 Bxd7
15. c5 Qh4 16. g3 Qf6 17. Rf2 Be8 18. b4 Bh5 19. Qf1 Bf3 20. Nb1 Qg6 21. Rxf3
exf3 22. Qxf3 Qh5 23. Qxh5 Rxh5 24. Nd2 a5 25. Rb1 axb4 26. Rxb4 Rxa2 27. Nf1
Ra7 28. Nd2 Rh6 29. Rb2 Rf6 30. Nc4 Rf8 31. Nd6 Rb8 32. Kf2 Kf8 33. h3 Ke7 34.
g4 g6 35. Kf3 b5 36. Nc4 Rba8 37. Ne5 Rc7 38. h4 Ra1 39. Rh2 Rb1 40. Ra2 b4 41.
Ra6 b3 42. Rb6 b2 43. Kg2 fxg4 44. Nxg4 Ra7 45. Ne5 Raa1 0-1